| 000 | 00385nam a2200133Ia 4500 | ||
|---|---|---|---|
| 008 | 211109s9999||||xx |||||||||||||| ||und|| | ||
| 082 |
_a894.431 _bMIL-S |
||
| 100 | _aMilida, Jagendraprasad | ||
| 245 | 0 | _aSwathanthratha Ki Balivedi | |
| 260 |
_bUnknown Publisher _aNo Place _c1969 |
||
| 630 | _xGeneral Stack | ||
| 650 |
_aHindi literature _vHindi poetryindia _xGeneralia |
||
| 942 | _cBOOK | ||
| 999 |
_c35044 _d35044 |
||